Strategy for development of rubber plantations to 2000 AD (Record no. 49835)

MARC details
000 -LEADER
fixed length control field 00438nam a2200145Ia 4500
100 ## - MAIN ENTRY--AUTHOR NAME
Personal name Joseph K.M.
245 #0 - TITLE STATEMENT
Title Strategy for development of rubber plantations to 2000 AD
260 ## - PUBLICATION, DISTRIBUTION, ETC. (IMPRINT)
Name of publisher Rubber Planters' Conference, 4-5 January 1974, Kottayam, India.
Year of publication 1974
650 ## - SUBJECT ADDED ENTRY--TOPICAL TERM
Topical Term Development scheme
650 ## - SUBJECT ADDED ENTRY--TOPICAL TERM
Topical Term Rubber plantation
700 ## - ADDED ENTRY--PERSONAL NAME
Personal name Menon
700 ## - ADDED ENTRY--PERSONAL NAME
Personal name Unni R.G.
942 ## - ADDED ENTRY ELEMENTS (KOHA)
Koha item type Bibliography STAF
700 ## - ADDED ENTRY--PERSONAL NAME
-- P.M.
Holdings
Withdrawn status Lost status Damaged status Not for loan Home library Current library Shelving location Date acquired Koha item type
      Bibliography RRII Library RRII Library Economics 09/04/2014 Bibliography STAF